Telephone The first hundred years
Spremljeno u:
| Glavni autor: | |
|---|---|
| Format: | Knjiga |
| Jezik: | Undetermined |
| Izdano: |
New York
Harper & Row, Publishers
1976
|
| Teme: | |
| Oznake: |
Dodaj oznaku
Bez oznaka, Budi prvi tko označuje ovaj zapis!
|
| Thư viện lưu trữ: | Trung tâm Học liệu Trường Đại học Cần Thơ |
|---|
| LEADER | 00515nam a2200193Ia 4500 | ||
|---|---|---|---|
| 001 | CTU_86637 | ||
| 008 | 210402s9999 xx 000 0 und d | ||
| 082 | |a 384 | ||
| 082 | |b B873 | ||
| 100 | |a Brooks, John | ||
| 245 | 0 | |a Telephone | |
| 245 | 4 | |b The first hundred years | |
| 245 | 0 | |c John Brooks | |
| 260 | |a New York | ||
| 260 | |b Harper & Row, Publishers | ||
| 260 | |c 1976 | ||
| 650 | |a American telephone and telegraph company | ||
| 904 | |i Năm | ||
| 980 | |a Trung tâm Học liệu Trường Đại học Cần Thơ | ||